E-Resource Management System for Libraries (Record no. 43585)

MARC details
000 -LEADER
fixed length control field 00513nam a22001697a 4500
005 - DATE AND TIME OF LATEST TRANSACTION
control field 20250416172601.0
008 - FIXED-LENGTH DATA ELEMENTS--GENERAL INFORMATION
fixed length control field 250405b |||||||| |||| 00| 0 eng d
020 ## - INTERNATIONAL STANDARD BOOK NUMBER
International Standard Book Number 9789351248989
041 ## - LANGUAGE CODE
Language code of text/sound track or separate title eng
082 ## - DEWEY DECIMAL CLASSIFICATION NUMBER
Classification number 025.174 TAN
100 ## - MAIN ENTRY--PERSONAL NAME
Author Tandel Kailash.D
245 ## - TITLE STATEMENT
Title E-Resource Management System for Libraries
260 ## - PUBLICATION, DISTRIBUTION, ETC.
Place New Delhi
Publisher Daya publishing house
Publication Year 2018
300 ## - PHYSICAL DESCRIPTION
Extent 152;. pages 24 cm
650 ## - SUBJECT ADDED ENTRY--TOPICAL TERM
Subject Electronic information resources; Electronic information; Resources Management
942 ## - ADDED ENTRY ELEMENTS (KOHA)
Koha item type Books
Holdings
Withdrawn status Lost status Source of classification or shelving scheme Damaged status Not for loan Home library Current library Shelving location Accession Date Vendor Price Bill number Full call number Barcode No Date last seen Discount Bill Date Koha item type Suggested By
    Dewey Decimal Classification     IMTN IMTN Rack 2-B 03/28/2025 Raghav Book Private Limited 995.00 2374 025.174 TAN 33869 04/05/2025 33 02/14/2025 Books Dr. Mantha Raghu
Designed & Maintained by: LRC IMT Nagpur Contact: lrc@imtnag.ac.in© 2024. All Rights Reserved.